书目信息 |
| 题名: |
中文信息速录
|
|
| 作者: | 李源耕 主编 | |
| 分册: | ||
| 出版信息: | 北京 人民邮电出版社 2007.05 |
|
| 页数: | 235页 | |
| 开本: | 20cm | |
| 丛书名: | ||
| 单 册: | ||
| 中图分类: | H126.1 | |
| 科图分类: | ||
| 主题词: | 汉字--文字学 | |
| 电子资源: | ||
| ISBN: | 978-7-115-16021-8 | |
| 000 | 00593nam0 2200217 45 | |
| 001 | 0931749328 | |
| 005 | 20091103085036.75 | |
| 010 | @a978-7-115-16021-8@dCNY30.00 | |
| 100 | @a20090515d2007 ekmy0 y0120 ea | |
| 102 | @aCN@b130000 | |
| 102 | @aCN@b110000 | |
| 105 | @ay z 000yy | |
| 200 | 1 | @a中文信息速录@f李源耕等主编@Fli yuan geng deng zhu bian |
| 210 | @a北京@c人民邮电出版社@d2007.05 | |
| 215 | @a235页@d20cm | |
| 606 | 0 | @a汉字@x文字学 |
| 690 | @aH126.1@v4 | |
| 701 | 0 | @a李源耕@Ali yuan geng@4主编 |
| 801 | 0 | @aCN@c20091103 |
| 905 | @a10447@dH126.1@eL120 | |
| 906 | @d30@n2@r1 | |
| 中文信息速录/李源耕等主编.-北京:人民邮电出版社,2007.05 |
| 235页;20cm |
| ISBN 978-7-115-16021-8:CNY30.00 |
| ● |
| 相关链接 |
|
|
|
正题名:中文信息速录
索取号:H126.1/L120
 
预约/预借
| 序号 | 登录号 | 条形码 | 馆藏地/架位号 | 状态 | 备注 |
| 1 | 659488 | 206594880 | 语言库209/209语言库 71排2列4层/ [索取号:H126.1/L120] | 在馆 | |
| 2 | 659489 | 206594899 | 语言库209/209语言库 71排2列4层/ [索取号:H126.1/L120] | 在馆 |